| 000 | 00451nam a2200181Ia 4500 | ||
|---|---|---|---|
| 003 | GCL | ||
| 008 | 140319s9999 xx 000 0 eng d | ||
| 040 |
_aGCL / _cGCL |
||
| 082 | 0 | 4 |
_a338.19 _bM F |
| 100 | 1 | _aMARK, JOHN | |
| 245 | 1 | 0 |
_aTHE FOOD INDUSTRIES, VOL XXVIII / _cMARK, JOHN |
| 700 | 1 | _aSTRANGE, ROGER | |
| 260 |
_a[S.N] : _bCHAPMAN & HALL ، _c1993 |
||
| 300 | _a800 P | ||
| 650 | 0 | 4 | _aFOOD |
| 650 | 0 | 4 | _aFOOD INDUSTRIES |
| 942 |
_2ddc _cBK |
||
| 999 |
_c25105 _d25105 |
||